000 00487nam a2200181 i 4500
001 110575
003 ES-MaACL
005 20230906185106.0
007 t|
008 070201s1916 sp ||||1| spa d
080 _a355.01(04)
100 1 _aMartín Llorente, Francisco.
_977539
245 1 0 _aDe re bellica /
_cpor Armando Guerra [seud.].
260 _aMadrid :
_b[s.n.],
_c1916.
300 _a303 p. ;
_c19 cm.
650 1 4 _aGuerra.
_913173
852 _aES-MaACL
_jD-1517
_bR.138570
999 _c110575
_d110575